Normal view
MARC view
Entry Personal Name
001 - CONTROL NUMBER
- control field: 1183835
003 - CONTROL NUMBER IDENTIFIER
- control field: OSt
005 - DATE AND TIME OF LATEST TRANSACTION
- control field: 20260324131010.0
008 - FIXED-LENGTH DATA ELEMENTS
- fixed length control field: 260324|| aca||aabn | a|a d
040 ## - CATALOGING SOURCE
- Original cataloging agency: OSt
- Transcribing agency: OSt
100 ## - HEADING--PERSONAL NAME
- Personal name: Beerte C. Verstraete; Vernon L. Provencal
670 ## - SOURCE DATA FOUND
- Source citation: Work cat.: (OSt)1780609: Beerte C. Verstraete; Vernon L. Provencal, Same-Sex Desire and Love in Greco-Roman Antiquity and in the Classical Tradition of the West
